| 000 | 00626nam a22001937a 4500 | ||
|---|---|---|---|
| 005 | 20170529105011.0 | ||
| 010 | _aENG-118427 | ||
| 020 |
_c275.00 _a9788131250815 |
||
| 035 | _aEN-101959 | ||
| 037 | _bDBAD/PUB | ||
| 082 | _a343.540 | ||
| 245 |
_aHandbook of service tax law : _ccomplied by J.K.Mittal _bas amended by the finance act,2017 / |
||
| 250 | _a6th ed. | ||
| 260 |
_aGurgaon _bLexisNexis _c2017 |
||
| 270 |
_a14th Floor Building No.10, Tower-B, DLF Cyber City, Phase-II, _bGurgaon _e122002 |
||
| 300 |
_axl,324p. _c24cm(pbk) |
||
| 700 | _aMittal,J.K. | ||
| 942 |
_2ddc _cEN _mHAN _h343.540552 |
||
| 999 |
_c140471 _d140471 |
||